College Quizbowl Stats
College Quizbowl Stats
Circuits
Seasons
Sets
Records
Detailed Stats
About
Loading...
2023 BHSU @ Northwestern
Tossups
Bonuses
Players
Teams
Categories (Tossup)
Categories (Bonus)
Maryland B-
Conor Thompson, Jonathan Vaysman, Sean Higgins, Subhamitra Banerjee Roychoudhury, Ophir Lifshitz, Undetermind 4th Player, Undetermined, Clark Smith, Earthflax Geologybuzzer, Chris Ray, JinAh Kim, Jordan Brownstein, Bulkington, Jerry Vinokurov
Category
Heard
PPB
Easy %
Medium %
Hard %
AG
9
21.11
67%
67%
78%
AK
4
20.00
75%
75%
50%
AR
7
22.86
86%
71%
71%
AW
6
21.67
50%
83%
83%
AW>
1
20.00
100%
0%
100%
AWD
2
20.00
100%
50%
50%
BB
19
18.42
53%
68%
63%
DM
3
16.67
67%
100%
0%
KD
1
20.00
100%
0%
100%
MB
20
19.00
55%
65%
70%
MV
3
10.00
33%
33%
33%
RC
8
22.50
88%
63%
75%
RC>
2
25.00
100%
100%
50%
RR
26
17.31
58%
65%
50%
TR
25
21.20
68%
72%
72%
2
20.00
100%
0%
100%